Francuski - #1 - Statystyki

Ogólne statystyki
  • Ten quiz został rozwiązany 41 razy
  • Średni wynik to 16 z 20
Statystyki odpowiedzi
Hint Odpowiedź % Poprawnych
koń cheval
100%
muzyka musique
100%
pies chien
89%
wolność liberté
89%
książka livre
89%
morze mer
89%
czas/pogoda temps
89%
gwiazda étoile
78%
okno fenêtre
78%
światło lumière
78%
góra montagne
78%
śnieg neige
78%
deszcz pluie
78%
sen/marzenie rêve
78%
zamek château
67%
chmura nuage
67%
motyl papillon
67%
słońce soleil
67%
nadzieja espoir
56%
las forêt
44%
Nie znaleziono quizów pasujących do podanych kryteriów
Rozkład punktacji
Procent ludzi z każdym wynikiem
Percentyl według liczby udzielonych odpowiedzi
Twoja historia wyników
Nie rozwiązałeś tego quizu